000 00438nam a2200181Ia 4500
008 230524s9999 xx 000 0 und d
020 _a9788120323810
082 _a621.384
_bTHO
100 _aEdgar Thorpe
245 0 _aWinning at Interviews
250 _a1ST
260 _aNEW DELHI
_bPearson
_c2004
300 _a182
500 _aQuantity Number: 2
650 _aMiscellaneous
_91877
700 _a Showick Thorpe
942 _cBK
999 _c26250
_d26250